000 01221cab a2200241 4500
001 X3895
008 090401t1997 xxu||||| |||| 00| 0 eng d
035 _a(Sirsi) u33633
041 _aeng
245 _aAylesbury Vale DC and Ball
260 _c1997
350 _a0
490 _aPlanning Appeal Decisions
_v[1997] 12 PAD 1-17(14)
520 _aRe-erection of fire damaged/destroyed detached dwelling - built in 1920s - burbt in 1975 - earlier lapsed permissions to replace - renewed four times - structure and local plans - green belt - whether any very special circumstances to rebut presumption against inappropriate development - whether the permission which lapsed in 1991 was "recently expired" - extant planning permission is material consideration - council not bound by expired planning permission - conflict between local and structure plans. Costs - appellant not unreasonable as there is no guidanc eon what is "recent". HEADNOTE FROM JOURNAL.
650 _aAYLESBURY VALE DC AND BALL
650 _aFIRE DAMAGE
650 _aGREEN BELT
650 _aMATERIAL CONSIDERATION
650 _aPLANNING PERMISSION
690 _aPLANNING LAW AND PRACTICE-CASE LAW
942 _n0
948 _c04/03/1997
999 _c22433
_d22433